[Event "24e tournoi de Noël"]
[Site "Montigny le Bretonneux"]
[Date "2025.12.29"]
[Round "6.11"]
[White "Goujon, Antoine"]
[Black "Couradin, Jean-Marie"]
[Result "1/2-1/2"]
[WhiteElo "1709"]
[BlackElo "1628"]
[Annotator "Rivier,Sylvain"]
[PlyCount "86"]
[EventDate "2025.??.??"]
[WhiteTeam "CE Le Roi Soleil - Le Chesnay - Versailles"]
[BlackTeam "La Dame Noire"]

{Défense Philidor} 1. d4 d6 2. Nc3 Nd7 3. e4 e5 4. Nf3 Ngf6 5. Bc4 Be7 6. O-O
O-O 7. Re1 c6 8. a4 a5 9. Bb3 Qc7 10. Qe2 h6 11. h3 Re8 12. Be3 Bf8 13. dxe5
dxe5 14. Rad1 Nc5 15. Nd2 Nxb3 16. Nxb3 Be6 17. Nc5 Bxc5 18. Bxc5 Red8 19. Qe3
Nd7 20. Bd6 Qc8 21. Rd2 f6 22. Red1 Re8 23. b3 b6 24. Qd3 Qa6 25. Qxa6 Rxa6 26.
Ba3 Ra7 27. Rd6 Rc7 28. R1d2 Kf7 29. f3 f5 30. Kf2 f4 31. Ke2 g5 32. Bb2 h5 33.
Rd1 g4 34. hxg4 hxg4 35. Rh1 Kg7 36. fxg4 Bxg4+ 37. Kf2 Re6 38. Rxe6 Bxe6 39.
g3 fxg3+ 40. Kxg3 Rc8 41. Kf2 Rf8+ 42. Ke1 Rf4 43. Rg1+ Rg4 1/2-1/2

[Event "24e tournoi de Noël"]
[Site "Montigny le Bretonneux"]
[Date "2025.12.29"]
[Round "6.12"]
[White "Corbillet, Mathieu"]
[Black "El Hamoui, Noah"]
[Result "1-0"]
[WhiteElo "1679"]
[BlackElo "1517"]
[Annotator "Rivier,Sylvain"]
[PlyCount "73"]
[EventDate "2025.??.??"]
[WhiteTeam "La Dame Noire"]
[BlackTeam "Saint-Quentin en Yvelines"]

{Défense Caro-Kann, variante d'échange} 1. e4 c6 2. Nf3 d5 3. exd5 cxd5 4. d4
Bg4 5. Nc3 a6 6. h3 Bxf3 7. Qxf3 e6 8. a3 Nc6 9. Ne2 Nf6 10. c3 Be7 11. Ng3 O-O
12. Bd3 e5 13. dxe5 Nxe5 14. Qd1 Nxd3+ 15. Qxd3 Re8 16. O-O Bc5 17. Be3 Bxe3
18. fxe3 Ne4 19. Nxe4 dxe4 20. Qc4 Qe7 21. Rad1 Rad8 22. Rd4 Rd7 23. Rf4 Rxd4
24. cxd4 Qe6 25. d5 Qd6 26. Rxe4 Rxe4 27. Qxe4 g6 28. Qd4 f5 29. e4 fxe4 30.
Qxe4 Qb6+ 31. Kh2 Qxb2 32. d6 Qg7 33. Qe8+ Qf8 34. d7 Kg7 35. Qxf8+ Kxf8 36.
d8=Q+ Kg7 37. Qe7+ 1-0

[Event "24e tournoi de Noël"]
[Site "Montigny le Bretonneux"]
[Date "2025.12.29"]
[Round "6.13"]
[White "Corbeau, Lou"]
[Black "Couradin, Bruno"]
[Result "1-0"]
[WhiteElo "1750"]
[BlackElo "1517"]
[Annotator "Rivier,Sylvain"]
[PlyCount "118"]
[EventDate "2025.??.??"]
[WhiteTeam "C'Chartres Echecs"]
[BlackTeam "La Dame Noire"]

{Ouverture catalane, variante fermée} 1. d4 d5 2. c4 e6 3. Nf3 Nf6 4. g3 Bb4+
5. Bd2 Nc6 6. Bxb4 Nxb4 7. Ne5 Nc6 8. Nxc6 bxc6 9. Bg2 Rb8 10. Nd2 O-O 11. O-O
Bd7 12. Qc2 Qe7 13. Nf3 c5 14. cxd5 Nxd5 15. dxc5 Rb5 16. Rfc1 Rfb8 17. Rab1
Nb4 18. Qc4 Bc6 19. Nd4 Bd5 20. Bxd5 exd5 21. Qb3 Rxc5 22. Qa3 Rb7 23. Rxc5
Qxc5 24. Qc3 Qb6 25. a3 Na6 26. Nf5 f6 27. Ne7+ Kf8 28. Nxd5 Qd6 29. Qf3 Rb5
30. Nc3 Rb8 31. Rd1 Qe5 32. Rd5 Qe6 33. b4 c6 34. Ra5 c5 35. b5 Nc7 36. Rxa7
Qb6 37. Ra4 Nxb5 38. Nxb5 Qxb5 39. Qe4 c4 40. Qxc4 Qb1+ 41. Kg2 Qb7+ 42. Qe4
Qc7 43. Qxh7 Re8 44. Re4 Rd8 45. Qh8+ Kf7 46. Qh5+ Kf8 47. Qb5 Rb8 48. Qc4 Qb7
49. Qb4+ Qxb4 50. axb4 f5 51. Rd4 Ke7 52. Kf3 Ke6 53. e4 g6 54. exf5+ Kxf5 55.
Ke3 Re8+ 56. Kd3 g5 57. b5 Re5 58. Rb4 Re8 59. b6 Ke5 1-0

[Event "24e tournoi de Noël"]
[Site "Montigny le Bretonneux"]
[Date "2025.12.29"]
[Round "6.14"]
[White "Chakour, Samir"]
[Black "Pages, Clement"]
[Result "1-0"]
[WhiteElo "1652"]
[BlackElo "1433"]
[Annotator "Rivier,Sylvain"]
[PlyCount "65"]
[EventDate "2025.??.??"]
[WhiteTeam "Saint-Quentin en Yvelines"]
[BlackTeam "L'Hay les Roses Echecs et Mat"]

{Gambit dame, défense slave} 1. d4 d5 2. Bf4 Nf6 3. Nf3 Bf5 4. c4 c6 5. Nc3 e6
6. Ne5 Nbd7 7. g4 h6 8. Qb3 Qb6 9. c5 Qxb3 10. axb3 Nxe5 11. Bxe5 Be7 12. e3
O-O 13. Be2 b6 14. b4 b5 15. Ra6 Rfc8 16. O-O Nd7 17. Bg3 Nb8 18. Bxb8 Rcxb8
19. Rxc6 Rc8 20. Bxb5 Rd8 21. Ra6 Bf6 22. Bc6 Bd3 23. b5 Bxf1 24. Kxf1 Kf8 25.
Bxa8 Rxa8 26. b6 Ke8 27. Rxa7 Rb8 28. Nb5 Be7 29. Nc7+ Kd8 30. Na6 Rc8 31. b7
Rb8 32. Nxb8 Kc7 33. Na6+ 1-0

[Event "24e tournoi de Noël"]
[Site "Montigny le Bretonneux"]
[Date "2025.12.29"]
[Round "6.15"]
[White "Archet, Jean-Claude"]
[Black "Meddour, Ithri"]
[Result "1/2-1/2"]
[WhiteElo "1518"]
[BlackElo "1645"]
[Annotator "Rivier,Sylvain"]
[PlyCount "94"]
[EventDate "2025.??.??"]
[WhiteTeam "Club 608 d'Echecs Paris"]
[BlackTeam "Saint-Quentin en Yvelines"]

{Défense française, variante Winaver} 1. e4 e6 2. d4 d5 3. Nc3 Bb4 4. e5 c5
5. a3 Bxc3+ 6. bxc3 Qa5 7. Bd2 Qa4 8. Nf3 Nc6 9. Be3 Nge7 10. Be2 Nf5 11. O-O
b6 12. Qd2 Nxe3 13. fxe3 O-O 14. Rfb1 Ba6 15. Bxa6 Qxa6 16. Rf1 Rfb8 17. Ng5
Nd8 18. Qf2 Qb7 19. Qh4 h6 20. Nh3 Nc6 21. Qg3 Ne7 22. Nf4 Nf5 23. Qf2 g6 24.
g4 Ng7 25. h4 Rf8 26. Nh3 Qe7 27. Qf6 Qxf6 28. Rxf6 Ne8 29. Rf3 Rc8 30. Rf2 f5
31. g5 h5 32. Nf4 Kf7 33. Rb1 Rc6 34. Nd3 c4 35. Nb4 Rc8 36. Na6 Nc7 37. Nxc7
Rxc7 38. Rff1 Ke7 39. a4 Rb7 40. Kg2 Rfb8 41. Rb2 Kd7 42. Rfb1 Kc6 43. Kf2 a6
44. Kg3 b5 45. a5 b4 46. cxb4 Rb5 47. c3 Rf8 1/2-1/2

[Event "24e tournoi de Noël"]
[Site "Montigny le Bretonneux"]
[Date "2025.12.29"]
[Round "6.16"]
[White "Foveau, Guillaume"]
[Black "Garabedian, Christophe"]
[Result "1-0"]
[WhiteElo "1598"]
[BlackElo "1399"]
[Annotator "Rivier,Sylvain"]
[PlyCount "59"]
[EventDate "2025.??.??"]
[WhiteTeam "La Dame Noire"]
[BlackTeam "La Dame Noire"]

{Défense est-indienne, variante classique} 1. d4 g6 2. c4 d6 3. Nf3 Bg7 4. e4
Nd7 5. Be2 c5 6. d5 e5 7. O-O Ngf6 8. Nc3 O-O 9. Qc2 Nh5 10. Nb5 a6 11. Nxd6
Ndf6 12. Nxc8 Qxc8 13. Rb1 Nf4 14. Nxe5 N6h5 15. Bxf4 Nxf4 16. Nd3 Bh6 17. Nxf4
Bxf4 18. g3 Be5 19. f4 Bd4+ 20. Kg2 h5 21. b4 b6 22. bxc5 bxc5 23. f5 Be5 24.
Qd2 Kg7 25. Rb6 Qc7 26. Rc6 Qb8 27. Bxh5 Rh8 28. f6+ Kf8 29. Bg4 Ra7 30. Rc8+
1-0

[Event "24e tournoi de Noël"]
[Site "Montigny le Bretonneux"]
[Date "2025.12.29"]
[Round "6.17"]
[White "Barthere, Gilles"]
[Black "Orfila, Hugo"]
[Result "1-0"]
[WhiteElo "1566"]
[BlackElo "1413"]
[Annotator "Rivier,Sylvain"]
[PlyCount "51"]
[EventDate "2025.??.??"]
[WhiteTeam "CE Le Roi Soleil - Le Chesnay - Versailles"]
[BlackTeam "Club d'Echecs de Guyancourt"]

{Partie espagnole, défense Morphy} 1. e4 e5 2. Nf3 Nc6 3. Bb5 Nf6 4. O-O a6 5.
Ba4 b5 6. Bb3 Nxe4 7. Re1 Nf6 8. Nxe5 Nxe5 9. Rxe5+ Be7 10. d4 O-O 11. Bg5 d6
12. Re3 Bb7 13. Qe2 Re8 14. Nd2 Qd7 15. Re1 Qc6 16. f3 Bf8 17. Bxf6 Rxe3 18.
Qxe3 gxf6 19. Ne4 Bg7 20. Ng3 a5 21. Qe7 d5 22. c3 Bf8 23. Qe3 Qd7 24. Bc2 c5
25. Qd3 Re8 26. Qxh7# 1-0

[Event "24e tournoi de Noël"]
[Site "Montigny le Bretonneux"]
[Date "2025.12.29"]
[Round "6.18"]
[White "Boussaid, Kais"]
[Black "Gauthier, Laurent"]
[Result "0-1"]
[WhiteElo "1299"]
[BlackElo "1804"]
[Annotator "Rivier,Sylvain"]
[PlyCount "68"]
[EventDate "2025.??.??"]
[WhiteTeam "La Dame Noire"]
[BlackTeam "Les Tours d'Angoulême"]

{Défense sicilienne, système fermé} 1. e4 c5 2. Nc3 Nc6 3. f4 d6 4. Be2 Nf6
5. Nf3 g6 6. O-O Bg7 7. e5 dxe5 8. fxe5 Nd5 9. Nxd5 Qxd5 10. d3 Nxe5 11. d4
Nxf3+ 12. Bxf3 Qxd4+ 13. Qxd4 cxd4 14. Rb1 O-O 15. b4 Rb8 16. Bb2 Bf5 17. Rbc1
e5 18. c4 e4 19. Bh5 Be6 20. Bd1 Bh6 21. Rb1 Bxc4 22. Bxd4 Bxf1 23. Kxf1 b6 24.
Bc2 Rfe8 25. g3 Rbd8 26. Bf6 Rd2 27. Ba4 Rc8 28. h4 Rh2 29. Re1 e3 30. Bg5 Bxg5
31. hxg5 Rc3 32. Bd1 Rc1 33. Kg1 e2 34. Bxe2 Rxe2 0-1

[Event "24e tournoi de Noël"]
[Site "Montigny le Bretonneux"]
[Date "2025.12.29"]
[Round "6.19"]
[White "U'Ren, Gregory"]
[Black "Bouloc, Roger"]
[Result "0-1"]
[WhiteElo "1399"]
[BlackElo "1419"]
[Annotator "Rivier,Sylvain"]
[PlyCount "86"]
[EventDate "2025.??.??"]
[WhiteTeam "ECHECS 78"]
[BlackTeam "La Dame Noire"]

{Gambit dame} 1. d4 d5 2. c4 e6 3. Nf3 Nf6 4. e3 Nbd7 5. Be2 dxc4 6. Bxc4 Be7
7. O-O a6 8. Nc3 O-O 9. Bd3 h6 10. a3 b5 11. b4 Bb7 12. Bb2 Re8 13. Re1 Nb6 14.
Rb1 Nfd5 15. e4 Nf4 16. Bc2 Ng6 17. e5 Nd5 18. Nxd5 Bxd5 19. Be4 Bxe4 20. Rxe4
Qd5 21. Qc2 c6 22. Rc1 Rec8 23. Qe2 a5 24. Bc3 axb4 25. Bxb4 Bxb4 26. axb4 Ra2
27. Nd2 Rca8 28. g3 Rxd2 29. Qg4 Raa2 30. Rf1 Rab2 31. h4 Rxb4 32. h5 Ne7 33.
Rf4 Rdxd4 34. Rxd4 Rxd4 35. Qe2 Re4 36. Qb2 Nf5 37. Qa3 Ra4 38. Qb2 Qf3 39. Qd2
Rd4 40. Qa2 c5 41. Qa7 Nxg3 42. fxg3 Qxg3+ 43. Kh1 Rh4# 0-1

[Event "24e tournoi de Noël"]
[Site "Montigny le Bretonneux"]
[Date "2025.12.29"]
[Round "6.20"]
[White "Un, Prathna"]
[Black "Orfila, Leila"]
[Result "1-0"]
[WhiteElo "1399"]
[BlackElo "1299"]
[Annotator "Rivier,Sylvain"]
[PlyCount "123"]
[EventDate "2025.??.??"]
[WhiteTeam "La Dame Noire"]
[BlackTeam "Club d'Echecs de Guyancourt"]

{Partie italienne, guiocco piano} 1. e4 e5 2. Nf3 Nc6 3. Bc4 Bc5 4. c3 Nf6 5.
Ng5 O-O 6. b4 Bd6 7. b5 Na5 8. Qe2 b6 9. d4 exd4 10. e5 Re8 11. Bxf7+ Kh8 12.
Bxe8 Qxe8 13. exf6 Qxe2+ 14. Kxe2 dxc3 15. Nf7+ Kg8 16. Nxd6 cxd6 17. fxg7 Kxg7
18. Nxc3 a6 19. Rd1 Nc4 20. Rd4 axb5 21. a4 Ne5 22. Rxd6 b4 23. Nd5 Ba6+ 24.
Ke3 Nc4+ 25. Kf4 Nxd6 26. Nxb6 Rf8+ 27. Ke3 Nf5+ 28. Ke4 Nd6+ 29. Kd5 Nb7 30.
f4 Rf5+ 31. Kd4 Rc5 32. Nxd7 Rc4+ 33. Ke5 Rc7 34. Bb2 b3 35. Ra3 Na5 36. Kd6+
Kf7 37. Kxc7 Nc4 38. Ne5+ Ke6 39. Nxc4 Bxc4 40. a5 h5 41. g3 Kf5 42. a6 Bxa6
43. Rxa6 Kg4 44. Rh6 h4 45. Rxh4+ Kf5 46. h3 Kg6 47. g4 Kf7 48. g5 Kg6 49. Rh6+
Kf5 50. g6 Ke6 51. g7+ Kf7 52. Rh8 Ke6 53. g8=Q+ Kf5 54. Qxb3 Kxf4 55. Rh5 Ke4
56. Qb4+ Kd3 57. Rh4 Kc2 58. Rg4 Kd3 59. Qc3+ Ke2 60. Rg2+ Kf1 61. Rd2 Ke1 62.
Qc1# 1-0

[Event "24e tournoi de Noël"]
[Site "Montigny le Bretonneux"]
[Date "2025.12.29"]
[Round "6.21"]
[White "Naamane, Adem"]
[Black "Julien Maigne, Marius"]
[Result "1-0"]
[WhiteElo "1299"]
[BlackElo "1299"]
[Annotator "Rivier,Sylvain"]
[PlyCount "65"]
[EventDate "2025.??.??"]
[WhiteTeam "Club d'Echecs de Guyancourt"]
[BlackTeam "La Dame Noire"]

{Gambit dame, défense Tchigorine} 1. d4 d5 2. c4 e6 3. Nc3 Nf6 4. Nf3 Nc6 5.
e3 Bb4 6. cxd5 exd5 7. Bd3 O-O 8. O-O Re8 9. a3 Ba5 10. b4 Bb6 11. a4 a6 12.
Ba3 Bd7 13. a5 Ba7 14. Bb1 Ne7 15. Qd3 h6 16. e4 Ng6 17. e5 Ng4 18. h3 N4xe5
19. Nxe5 Nxe5 20. Qh7+ Kf8 21. dxe5 Bd4 22. Bb2 Bb5 23. Rd1 Bxc3 24. Bxc3 c6
25. e6 f6 26. Bg6 Rxe6 27. Qh8+ Ke7 28. Qxg7+ Kd6 29. Bd4 Qf8 30. Bc5+ Ke5 31.
Re1+ Kf4 32. g3+ Kf3 33. Bh5# 1-0

[Event "24e tournoi de Noël"]
[Site "Montigny le Bretonneux"]
[Date "2025.12.30"]
[Round "7.1"]
[White "Imbert, Christophe"]
[Black "Strehse, Nelson"]
[Result "0-1"]
[WhiteElo "1924"]
[BlackElo "2198"]
[Annotator "Rivier,Sylvain"]
[PlyCount "68"]
[EventDate "2025.??.??"]
[WhiteTeam "Club d'Echecs du Vesinet"]

{Défense sicilienne, variante Taïmanov} 1. e4 c5 2. Nf3 Nc6 3. d4 cxd4 4.
Nxd4 e6 5. Nc3 Qc7 6. Ndb5 Qb8 7. Be3 a6 8. Bb6 axb5 9. Nxb5 Bb4+ 10. c3 Ba5
11. Nd6+ Kf8 12. Bc5 b6 13. Be3 b5 14. Bxb5 Ba6 15. Bxa6 Rxa6 16. Nc4 Nf6 17.
O-O Bc7 18. h3 Qb5 19. b3 Ne5 20. a4 Qc6 21. Nxe5 Bxe5 22. f3 Qxc3 23. Qe2 Ra8
24. Rfd1 Qxb3 25. Bc5+ Kg8 26. Ra3 Qb7 27. a5 Qa6 28. Qe3 h6 29. f4 Bc7 30. g4
d5 31. f5 Nxe4 32. fxe6 fxe6 33. Bd4 Qd6 34. Ra2 Rxa5 0-1

[Event "24e tournoi de Noël"]
[Site "Montigny le Bretonneux"]
[Date "2025.12.30"]
[Round "7.2"]
[White "Klemenz, Luca"]
[Black "Imbert, Nicolas"]
[Result "1-0"]
[WhiteElo "2085"]
[BlackElo "1732"]
[Annotator "Rivier,Sylvain"]
[PlyCount "36"]
[EventDate "2025.??.??"]
[BlackTeam "Saint-Quentin en Yvelines"]

{Défense Pirc} 1. d4 d6 2. e4 Nf6 3. Nc3 Nbd7 4. f4 e5 5. Nf3 exd4 6. Qxd4 Nc5
7. Be3 Bg4 8. O-O-O Bxf3 9. gxf3 Qe7 10. e5 Nfd7 11. Nd5 Qd8 12. exd6 Ne6 13.
Nxc7+ Qxc7 14. dxc7 Nxd4 15. Bxd4 Bd6 16. Bxg7 Bxf4+ 17. Kb1 Rg8 18. Bb5 Rxg7
1-0

[Event "24e tournoi de Noël"]
[Site "Montigny le Bretonneux"]
[Date "2025.12.30"]
[Round "7.4"]
[White "Artieres, Michel"]
[Black "Legranger, Thimote"]
[Result "1/2-1/2"]
[WhiteElo "1808"]
[BlackElo "1748"]
[Annotator "Rivier,Sylvain"]
[PlyCount "124"]
[EventDate "2025.??.??"]
[WhiteTeam "La Dame Noire"]
[BlackTeam "Cergy Pontoise Echecs"]

{Défense sicilienne, attaque Sozin} 1. e4 c5 2. Nf3 d6 3. d4 cxd4 4. Nxd4 Nf6
5. Nc3 Nc6 6. Bc4 e6 7. O-O Be7 8. Be3 Bd7 9. Qe2 a6 10. a4 Rc8 11. f3 Nxd4 12.
Bxd4 Qc7 13. Bd3 e5 14. Be3 Be6 15. Rfd1 O-O 16. Kh1 Rfd8 17. a5 Rd7 18. Na4
Re8 19. Nb6 Rdd8 20. Nd5 Qc6 21. c4 Nd7 22. b4 f6 23. b5 Qc8 24. b6 Bf7 25. Nc7
Rf8 26. Bc2 Nc5 27. Nd5 Rfe8 28. Bxc5 Bxd5 29. Rxd5 dxc5 30. Ba4 Rf8 31. Rad1
Rxd5 32. Rxd5 Rd8 33. Qd3 Kf8 34. Rxd8+ Qxd8 35. Qxd8+ Bxd8 36. Bd7 Ke7 37. Bc8
Kd6 38. Bxb7 g6 39. Bxa6 Kc6 40. Kg1 f5 41. Kf2 Bg5 42. Ke2 Bc1 43. exf5 gxf5
44. g4 fxg4 45. fxg4 Bg5 46. Bc8 h6 47. Bf5 Bd8 48. Kd3 Kb7 49. Ke4 Ka6 50.
Kxe5 Kxa5 51. b7 Bc7+ 52. Kd5 Bxh2 53. Kxc5 Ka6 54. Bc8 Ka7 55. Kc6 Kb8 56. Kd7
Bg1 57. Kc6 Bh2 58. c5 Bf4 59. Kd7 Be3 60. c6 Bf4 61. Ke6 Kc7 62. Kf5 Bg5
1/2-1/2

[Event "24e tournoi de Noël"]
[Site "Montigny le Bretonneux"]
[Date "2025.12.30"]
[Round "7.5"]
[White "Appavou, Calixte"]
[Black "Kunne, Ronald"]
[Result "0-1"]
[WhiteElo "1804"]
[BlackElo "1853"]
[Annotator "Rivier,Sylvain"]
[PlyCount "46"]
[EventDate "2025.??.??"]
[WhiteTeam "Saint-Quentin en Yvelines"]
[BlackTeam "Club d'Echecs d'Orsay"]

{Défense française, variante Tarrasch fermée} 1. e4 e6 2. d4 d5 3. Nd2 Nf6
4. e5 Nfd7 5. Bd3 c5 6. c3 Nc6 7. Ndf3 cxd4 8. cxd4 f6 9. exf6 Nxf6 10. Ne2 Bd6
11. O-O O-O 12. Bg5 Qc7 13. Ng3 e5 14. dxe5 Nxe5 15. Nxe5 Bxe5 16. Rc1 Qf7 17.
Qc2 g6 18. Bh6 Re8 19. h3 Bd7 20. Qd2 Bc6 21. b4 a6 22. Bf4 Ne4 23. Bxe4 Bxf4
0-1

[Event "24e tournoi de Noël"]
[Site "Montigny le Bretonneux"]
[Date "2025.12.30"]
[Round "7.6"]
[White "Fasquelle, Cedric"]
[Black "Abdallaoui, Mohamed Mehdi"]
[Result "1-0"]
[WhiteElo "1812"]
[BlackElo "1721"]
[Annotator "Rivier,Sylvain"]
[PlyCount "59"]
[EventDate "2025.??.??"]
[WhiteTeam "Saint-Quentin en Yvelines"]
[BlackTeam "Club d'Echecs de Guyancourt"]

{Gambit du roi, défense Abbazzia} 1. e4 e5 2. f4 d5 3. exd5 exf4 4. Nf3 Nf6 5.
Bb5+ Bd7 6. Bc4 Bd6 7. O-O O-O 8. Nc3 a6 9. d4 b5 10. Bb3 Bg4 11. Ne2 a5 12. a3
a4 13. Ba2 Nbd7 14. Qd3 Rb8 15. Nxf4 Nb6 16. Ne5 Bxe5 17. dxe5 Nfd7 18. Qd4 Qe7
19. Nd3 Be2 20. Re1 Bxd3 21. cxd3 Rfd8 22. Bd2 Qc5 23. Be3 Qxd4 24. Bxd4 Nf8
25. Bxb6 Rxb6 26. Rac1 Rd7 27. e6 fxe6 28. dxe6 Re7 29. Rxc7 Rb7 30. Rxb7 1-0

[Event "24e tournoi de Noël"]
[Site "Montigny le Bretonneux"]
[Date "2025.12.30"]
[Round "7.7"]
[White "Arutyunov, Mikael"]
[Black "Esch, Lars"]
[Result "0-1"]
[WhiteElo "1791"]
[BlackElo "1399"]
[Annotator "Rivier,Sylvain"]
[PlyCount "128"]
[EventDate "2025.??.??"]
[WhiteTeam "Tours et Detours Club d'Echecs Centre Brie"]

{Défense sicilienne, système fermé} 1. e4 c5 2. Nc3 d6 3. g3 Nf6 4. Bg2 g6
5. d3 Bg7 6. Be3 O-O 7. Nge2 Nc6 8. h3 a6 9. O-O Qc7 10. Qd2 e6 11. f4 Rd8 12.
f5 exf5 13. exf5 gxf5 14. Bh6 Qe7 15. Bxg7 Kxg7 16. Qg5+ Kh8 17. Ne4 Nxe4 18.
Qxe7 Nxe7 19. dxe4 d5 20. exd5 Nxd5 21. Rfd1 Be6 22. Kf2 Rab8 23. a3 b6 24. Rd2
Rd7 25. Rad1 Rbd8 26. Bxd5 Rxd5 27. Rxd5 Rxd5 28. Rxd5 Bxd5 29. Nf4 Be4 30. c3
Kg7 31. Ke3 Kf6 32. Nh5+ Kg5 33. Nf4 h5 34. a4 h4 35. gxh4+ Kxh4 36. b4 cxb4
37. cxb4 a5 38. b5 Bc2 39. Nd5 Bxa4 40. Nc3 Bb3 41. Kf4 a4 42. Nb1 Bc4 43. Na3
Bd3 44. Kf3 Kxh3 45. Kf4 Kh4 46. Ke3 Bf1 47. Kf4 Bd3 48. Ke3 Bxb5 49. Nxb5 Kg3
50. Ke2 Kg2 51. Ke3 Kg3 52. Ke2 f4 53. Kf1 Kf3 54. Nd4+ Ke3 55. Nc2+ Kd2 56.
Na3 Kc3 57. Nb5+ Kb2 58. Nd6 a3 59. Ke2 a2 60. Kd3 a1=Q 61. Nc4+ Kc1 62. Nd2
Qa3+ 63. Ke2 Qe3+ 64. Kf1 Qxd2 0-1

[Event "24e tournoi de Noël"]
[Site "Montigny le Bretonneux"]
[Date "2025.12.30"]
[Round "7.8"]
[White "Salagnac, Sowan"]
[Black "Neveu, Raphael"]
[Result "1/2-1/2"]
[WhiteElo "1775"]
[BlackElo "1785"]
[Annotator "Rivier,Sylvain"]
[PlyCount "27"]
[EventDate "2025.??.??"]
[WhiteTeam "Saint-Quentin en Yvelines"]
[BlackTeam "La Dame Noire"]

{Défense sicilienne, fianchette accéléré} 1. e4 c5 2. Nf3 Nc6 3. d4 cxd4 4.
Nxd4 g6 5. Nc3 Bg7 6. Be3 Nf6 7. Be2 O-O 8. Qd2 d5 9. exd5 Nxd5 10. Nxc6 bxc6
11. Bh6 Bxh6 12. Qxh6 Nxc3 13. bxc3 Bf5 14. Qd2 1/2-1/2

[Event "24e tournoi de Noël"]
[Site "Montigny le Bretonneux"]
[Date "2025.12.30"]
[Round "7.9"]
[White "Corbillet, Mathieu"]
[Black "Payot, Guillaume"]
[Result "1/2-1/2"]
[WhiteElo "1679"]
[BlackElo "1781"]
[Annotator "Rivier,Sylvain"]
[PlyCount "142"]
[EventDate "2025.??.??"]
[WhiteTeam "La Dame Noire"]
[BlackTeam "CE Le Roi Soleil - Le Chesnay - Versailles"]

{Défense française, variante Winaver} 1. e4 e6 2. d4 d5 3. Nc3 Bb4 4. e5 c5
5. a3 Bxc3+ 6. bxc3 Qa5 7. Bd2 Qa4 8. Qg4 Kf8 9. h4 Nc6 10. h5 h6 11. Ne2 Nge7
12. Ng3 Nxe5 13. Qf4 Nd7 14. Qc7 Nc6 15. Rh4 c4 16. Be2 Nf6 17. Rf4 Qa5 18.
Qd6+ Ke8 19. Bg4 Qd8 20. Qxd8+ Kxd8 21. Bh3 Bd7 22. Kf1 Kc7 23. Rf3 Rae8 24.
Bf4+ Kc8 25. Be5 Nxe5 26. dxe5 Nh7 27. Rxf7 Rhg8 28. f4 Ref8 29. Rxf8+ Rxf8 30.
Ne2 Ng5 31. Kf2 Nxh3+ 32. gxh3 Be8 33. Nd4 Kd7 34. Rg1 Rxf4+ 35. Ke3 Re4+ 36.
Kd2 Rxe5 37. Rxg7+ Kd6 38. Rxb7 a5 39. Rb6+ Ke7 40. Rb7+ Kf6 41. Rb8 Bf7 42.
Nc6 Rxh5 43. Nxa5 Rxh3 44. Nc6 Rh1 45. a4 Ra1 46. a5 e5 47. Rb6 Kf5 48. a6 Ke4
49. Ke2 Be8 50. Nb4 h5 51. Rb8 Bd7 52. Rh8 Bg4+ 53. Kf2 d4 54. cxd4 Kxd4 55.
Nc6+ Kd5 56. a7 Kxc6 57. a8=Q+ Rxa8 58. Rxa8 Kd5 59. Ke3 e4 60. c3 Bf3 61. Rd8+
Kc5 62. Kf4 Kc6 63. Rc8+ Kd5 64. Ke3 Bh1 65. Ra8 Bf3 66. Ra5+ Kc6 67. Kd4 Kd6
68. Rf5 Ke6 69. Rf4 Kd6 70. Kxc4 Ke5 71. Rf8 Bg4 1/2-1/2

[Event "24e tournoi de Noël"]
[Site "Montigny le Bretonneux"]
[Date "2025.12.30"]
[Round "7.10"]
[White "Dufrene, Jad"]
[Black "Corbeau, Lou"]
[Result "1/2-1/2"]
[WhiteElo "1399"]
[BlackElo "1750"]
[Annotator "Rivier,Sylvain"]
[PlyCount "29"]
[EventDate "2025.??.??"]
[WhiteTeam "La Dame Noire"]
[BlackTeam "C'Chartres Echecs"]

{Défense française, variante d'avance} 1. e4 e6 2. d4 d5 3. e5 c5 4. c3 Nc6
5. Nf3 Bd7 6. Bd3 cxd4 7. cxd4 Qb6 8. Nc3 Nge7 9. Be2 Nf5 10. Na4 Qa5+ 11. Nc3
Qb6 12. Na4 Qa5+ 13. Nc3 Qb6 14. Na4 Qa5+ 15. Nc3 1/2-1/2

[Event "24e tournoi de Noël"]
[Site "Montigny le Bretonneux"]
[Date "2025.12.30"]
[Round "7.11"]
[White "Fayolle, Guy"]
[Black "Barthere, Gilles"]
[Result "1-0"]
[WhiteElo "1708"]
[BlackElo "1566"]
[Annotator "Rivier,Sylvain"]
[PlyCount "95"]
[EventDate "2025.??.??"]
[WhiteTeam "Saint-Quentin en Yvelines"]
[BlackTeam "CE Le Roi Soleil - Le Chesnay - Versailles"]

{Défense sicilienne, variante Najdorf} 1. e4 c5 2. Nf3 d6 3. d4 cxd4 4. Nxd4
Nf6 5. Nc3 a6 6. a4 e5 7. Nf3 Be7 8. Bg5 O-O 9. Qd2 Bg4 10. Be2 Ne8 11. Be3 Nc7
12. Bb6 Nd7 13. Bxc7 Qxc7 14. Nd5 Qd8 15. Nxe7+ Qxe7 16. Rd1 Nc5 17. Qb4 Qc7
18. h3 Bd7 19. b3 Bc6 20. Nd2 Rfd8 21. O-O Rac8 22. Bg4 Bd7 23. Bf3 Be6 24. Nc4
Qe7 25. Ne3 g6 26. Rd2 Qg5 27. Kh1 Qe7 28. Rfd1 Qc7 29. Qa3 a5 30. Kh2 h5 31.
Qc1 Nxb3 32. Qb1 Nxd2 33. Rxd2 Bd7 34. Nd5 Qc5 35. Ne7+ Kg7 36. Nxc8 Qxc8 37.
Rxd6 Bxa4 38. Rxd8 Qxd8 39. Qxb7 Bxc2 40. Qb2 Qd3 41. Qxe5+ Kf8 42. Qxa5 Qd6+
43. g3 Qd4 44. Qa8+ Kg7 45. Kg2 g5 46. Qd5 Qxd5 47. exd5 h4 48. d6 1-0

[Event "24e tournoi de Noël"]
[Site "Montigny le Bretonneux"]
[Date "2025.12.30"]
[Round "7.12"]
[White "Julien, Emilie"]
[Black "Chakour, Samir"]
[Result "0-1"]
[WhiteElo "1625"]
[BlackElo "1652"]
[Annotator "Rivier,Sylvain"]
[PlyCount "114"]
[EventDate "2025.??.??"]
[WhiteTeam "La Dame Noire"]
[BlackTeam "Saint-Quentin en Yvelines"]

{Défense française, variante Rubinstein} 1. e4 e6 2. d4 d5 3. exd5 exd5 4.
Nf3 Nf6 5. Nc3 c5 6. Be2 Be7 7. O-O O-O 8. b3 Nc6 9. Bb2 a6 10. Na4 b6 11. Ne5
Qc7 12. Bf3 Be6 13. Nxc6 Qxc6 14. c4 Rfd8 15. Nc3 Qc8 16. Re1 Ra7 17. Na4 Qb8
18. Qe2 dxc4 19. bxc4 b5 20. d5 Bxd5 21. cxd5 bxa4 22. Rab1 Qf4 23. Be5 Qg5 24.
Rb8 Rxb8 25. Bxb8 Ra8 26. Be5 Rd8 27. d6 Bf8 28. Qxa6 Re8 29. Bc3 Rxe1+ 30.
Bxe1 Qc1 31. Kf1 Qa3 32. Qc4 Bxd6 33. h3 Nd7 34. Qa6 c4 35. Qc8+ Nf8 36. Qxc4
g6 37. Bd5 Kg7 38. Bxf7 Be5 39. g3 Qe7 40. Bd5 a3 41. Bc3 Bxc3 42. Qxc3+ Kh6
43. Qf3 Kg7 44. h4 Qd7 45. g4 h6 46. g5 Qe7 47. gxh6+ Kxh6 48. Qf4+ Kg7 49. Qg5
Qd7 50. h5 Qh3+ 51. Ke2 Qxh5+ 52. Qxh5 gxh5 53. Kf3 Kf6 54. Kg3 Ng6 55. Kh3
Nf4+ 56. Kh4 Nxd5 57. Kxh5 Nc3 0-1